BIGBANG songs - Statistics

General Stats
  • This quiz has been taken 472 times
  • The average score is 140 of 392
Answer Stats
⋆.ೃ࿔*:・ % Correct
Bang bang bang
91%
Fantastic baby
87%
Go
85%
Bae bae
80%
Haru haru
80%
Haru haru - acoustic version
80%
Good boy
79%
Intro (alive)
77%
Sober
75%
Zutter
74%
Bad boy
72%
Intro - Bigbang
72%
La La La (instrumental)
72%
VIP - Intro
72%
La La La
71%
La la la
71%
Lie
70%
Fxxk it
68%
Loser
68%
DOOM DADA
66%
Let's not fall in love
66%
Tonight
66%
Blue
65%
Intro - Stand up
65%
Girlfriend
64%
Heartbreaker
64%
Heartbreaker (encore)
64%
Heartbreaker (remix)
64%
High high
64%
If you
64%
Intro (hot)
64%
Power
64%
Intro (Middle Fingers-up)
63%
Last dance
63%
Eyes, nose, lips
62%
Intro - Hot issue
62%
Intro - solar
62%
Love
62%
We like 2 party
62%
Crayon
61%
Home sweet home
61%
Intro (rise)
61%
Bigbang
60%
Big bang
60%
Intro (to you)
60%
Intro - Everybody scream
58%
Intro (Put your hands up)
58%
Intro (Thank you & you )
58%
Intro - We are BIGBANG
58%
Turn it up
58%
Victory (Intro)
58%
Crooked
57%
Intro
57%
Intro - Gotta be with u
57%
Monster
55%
One of a kind
54%
Still life
54%
Too bad
54%
V.I.P
54%
A boy
53%
Big boy
53%
Cafe
53%
Coup d'etat
53%
Still alive
53%
Drama
52%
Flow
51%
Lies (encore)
51%
Lies - remix version
51%
This love
51%
Lies
50%
Take me
50%
Knock out
49%
Universe
49%
Flower road
48%
Baby good night
47%
Bullshit
47%
Gyro-drop
47%
Oh mom
47%
Always
46%
Always (encore)
46%
Look at me, Gwisun
46%
Look at Me, Gwisun
46%
Look at Me, Gwisun - karaoke version
46%
Look at Me, Gwisun - remix
46%
Ringa linga
46%
Last Farewell
45%
Last farewell
45%
Last farewell - remix version
45%
Lollipop
45%
Love song
45%
Oh yeah
45%
A Fool Of Tears
44%
A fool of tears
44%
Black
44%
Gara gara go!
44%
Gara gara go
44%
Stupid liar
44%
Bonamana
43%
Dirty cash
43%
Sunset glow
43%
Untitled, 2014
43%
Ibelongiiu
42%
Top of the world
42%
Wings
42%
Ego
41%
Fool
41%
Love dust
41%
Number 1
41%
Hands up
40%
Baby don't cry
39%
Baby Don't Cry
39%
Obsession
39%
Super star
39%
Superstar
39%
We belong together
39%
Who you?
39%
Crazy dog
38%
Don't leave
38%
Ma girl
38%
Outro (divina commedia)
38%
Remember
37%
The leaders
37%
I need a girl
36%
Pretended
36%
Shake it
36%
That XX
36%
Wedding dress
36%
You do (outro)
36%
Bingle bingle
34%
My heaven
34%
She Can't get enough
34%
Umbrella
34%
Oh, ah, oh
33%
Somebody to luv
33%
Ain't no fun
32%
Breathe
32%
Butterfly
32%
Somebody to love
32%
What is right
32%
Without you
32%
A good man
31%
Feeling
31%
What do you want?
31%
Wolf
31%
Of all days
30%
Shoong!
30%
Tell me goodbye
30%
But I love you
29%
Forever with u
29%
Jump
29%
Lady
29%
Oh my friend
29%
R.O.D.
29%
Vibe
29%
Wonderful
29%
Goodbye baby
28%
Hello
28%
Missing you
28%
My girl
28%
Shake the world
28%
Beautiful hangover
27%
1 AM
26%
1 year
26%
Beautiful life
26%
I don't understand
26%
I love it
26%
Laugh it off
26%
Only look at me
26%
She's gone
26%
Unknown number
26%
Korean dream
25%
Korean dream + storm + hip hop gentlemen + g-dragon
25%
Oh ma baby
25%
Runaway
25%
Fly away
24%
Last girl
24%
Seed
24%
Lollipop pt.2
23%
Darling
22%
Gossip man
22%
Ma girl
22%
Rainy rainy
22%
Rainy Rainy
22%
Today
22%
With u
22%
You are my light
22%
So fresh, so cool
21%
Us before
21%
White night
21%
Foolish love
20%
Make love
19%
D-Day
18%
How gee
18%
Love you to death
18%
Next day
18%
Stay
18%
Anymore
16%
Big Hit - karaoke version
16%
Body
16%
Nightfall
16%
SHUT UP
16%
Stylish
16%
A big hit!
15%
Stay with me
15%
Try smiling
15%
Try Smiling
15%
Window
15%
Falling slowly
14%
Follow me
14%
Koe o Kikasete
14%
Light
14%
Move
14%
Naked
14%
Prayer
14%
Reason
14%
Wake me up
14%
Where u at
14%
Dress
13%
Empty road
13%
Heaven
13%
Inspiration
13%
Let go
13%
Take it slow
13%
You're my
13%
Amazin'
12%
Break down
12%
Cotton candy
12%
Emotion
12%
Good day
12%
Hallelujah
12%
Just a feeling
12%
Ride
12%
This ain't it
12%
Venus
12%
Wild wild west
12%
But i love u
11%
I Love You
11%
I love you
11%
After you sleep
10%
A sinner
10%
Bringing you love
10%
Bringing You Love
10%
Love club
10%
The sign
10%
Baby baby
9%
Baby I'm sorry
9%
Everything
9%
Act like nothing's wrong
8%
Candle
8%
Come be my lady
8%
Louder
8%
Friend
7%
Hi haruka
7%
Intro (alive)
7%
Ms. liar
7%
Ola yeah!
7%
Only look at me pt.2
7%
Big Hit
6%
Our memories
6%
So beautiful
6%
The North Face Song
6%
Together Forever
6%
Close Future
5%
Heartbraker
5%
Joyful
5%
Mad about you
5%
Nilaria - G-Dragon version
5%
Nilaria - Missy Elliott version
5%
Old Diary
5%
Old Diary - karaoke version
5%
Spring Breeze Melody
5%
Sunny Hill
5%
Ah, oh!
4%
Awake, Asleep
4%
Just Can't Stop It - karaoke version
4%
Like Overflowing with Kindness
4%
Missing You Now
4%
Powerful Boy
4%
Singer's Ballad
4%
The Flower Bud Of My Dream
4%
Because
3%
Even When the World Ends
3%
Feelings Deepened
3%
Just Can't Stop It
3%
The Shouts of Red Part 2
3%
Tonight is Boogie Back
3%
Two People? Alone!!
3%
Until the day we meet again
3%
When you go to Na-Seong
2%
No, that's not it
1%
Whereabouts of a smile
1%
No matching quizzes found
Score Distribution
Percent of People with Each Score
Percentile by Number Answered
Your Score History
You have not taken this quiz